Các nhân tố ảnh hưởng đến tỷ suất chiết khấu của các chứng chỉ quỹ niêm yết trên sở giao dịch chứng khoán thành phố Hồ Chí Minh : Luận văn thạc sĩ kinh tế. Chuyên ngành: Tài chính - Ngân hàng

Đề tài mô tả khái quát tình hình hoạt động của các công ty quản lý quỹ và quỹ đầu tư tại Việt Nam. Xác định các nhân tố tác động lên chiết khấu của các chứng chỉ quỹ đang niêm yết và đề ra các giải pháp nhằm thu hẹp tỷ suất chiết khấu...

Cur síos iomlán

Đã lưu trong:
Sonraí Bibleagrafaíochta
Príomhúdar: Phan, Kiến Phúc
Formáid: Leabhar
Teanga:Undetermined
Foilsithe: Cần Thơ Đại học Cần Thơ 2011
Ábhair:
Clibeanna: Cuir Clib Leis
Gan Chlibeanna, Bí ar an gcéad duine leis an taifead seo a chlibeáil!
Thư viện lưu trữ: Trung tâm Học liệu Trường Đại học Cần Thơ
LEADER 01461nam a2200217Ia 4500
001 CTU_172588
008 210402s9999 xx 000 0 und d
082 |a 332.642 
082 |b Ph506 
088 |a 60340201 
100 |a Phan, Kiến Phúc 
245 0 |a Các nhân tố ảnh hưởng đến tỷ suất chiết khấu của các chứng chỉ quỹ niêm yết trên sở giao dịch chứng khoán thành phố Hồ Chí Minh : 
245 0 |b Luận văn thạc sĩ kinh tế. Chuyên ngành: Tài chính - Ngân hàng 
245 0 |c Phan Kiến Phúc ; Trương Đông Lộc (Người hướng dẫn khoa học) 
260 |a Cần Thơ 
260 |b Đại học Cần Thơ 
260 |c 2011 
520 |a Đề tài mô tả khái quát tình hình hoạt động của các công ty quản lý quỹ và quỹ đầu tư tại Việt Nam. Xác định các nhân tố tác động lên chiết khấu của các chứng chỉ quỹ đang niêm yết và đề ra các giải pháp nhằm thu hẹp tỷ suất chiết khấu của các chứng chỉ quỹ đang niêm yết hiện nay. 
650 |a Closed-end funds,Stock exchanges,Qũy hạn định,Thị trường chứng khoán,Financial management,Quản trị tài chính 
904 |i Năm 
980 |a Trung tâm Học liệu Trường Đại học Cần Thơ